Statistiques concernant Indépendance par rapport à qui ?

Cliquez ici pour prendre le quiz!

Statistiques générales

  • Ce quiz a été pris 35 836 fois
  • Le résultat moyen est 15 sur 24

Statistiques - réponses

AnnéePaysIndépendance de% Correct
1962AlgérieFrance
98%
1776Etats-UnisGrande-Bretagne
97%
1810MexiqueEspagne
96%
1822BrésilPortugal
96%
1960Rep. Dem du CongoBelgique
82%
1911MongolieChine
75%
1810ArgentineEspagne
75%
1905NorvègeSuède
69%
2011Soudan du SudSoudan
67%
1822GrèceEmpire Ottoman
66%
1960NigeriaRoyaume-Uni
64%
1962JamaiqueRoyaume-Uni
63%
1991CroatieYougoslavie
63%
1991EstonieUnion Soviétique
62%
1944IslandeDanemark
60%
1945IndonesiePays-Bas
55%
2002Timor OrientalIndonésie
50%
1965SingapourMalaisie
48%
1993ÉrythréeEthiopie
46%
1971BangladeshPakistan
45%
1975Papouasie-Nouvelle-
Guinée
Australie
39%
1903PanamaColombie
39%
1946PhilippinesEtats-Unis
34%
1962SamoaNouvelle-Zélande
32%

Distribution des résultats

Percentile par nombre de réponses

% des personnes avec chaque résultat

Votre développement - résultats

Vous n’avez pas pris ce quiz